[Event "Gibraltar Masters 2019"]
[Site "Caleta ENG"]
[Date "2019.01.23"]
[Round "2.106"]
[White "Gutierrez Olivares,D"]
[Black "Hamer,M"]
[Result "1-0"]
[WhiteElo "2320"]
[BlackElo "2046"]

1.c4 Nf6 2.Nf3 e6 3.g3 d5 4.Bg2 Be7 5.O-O O-O 6.d4 dxc4 7.Qc2 a6 8.Qxc4 b5
9.Qc2 Bb7 10.Bf4 Bd6 11.Bg5 Nbd7 12.Rd1 h6 13.Bxf6 Nxf6 14.Nbd2 Rc8 15.Nb3 Be4
16.Qd2 Nd5 17.a3 c5 18.dxc5 Bxc5 19.Nxc5 Rxc5 20.Qd4 Rc4 21.Qe5 Bc2 22.Rd4 Qc8
23.Rxc4 Qxc4 24.Rc1 Qa4 25.Nd4 Bb3 26.Nxe6 fxe6 27.Qxe6+ Kh8 28.Bxd5 Bxd5
29.Qxd5 Qg4 30.Qd3 Qe6 31.Rc2 Qb6 32.e4 a5 33.Re2 Rc8 34.Kg2 b4 35.axb4 axb4
36.e5 b3 37.e6 Qc6+ 38.f3 Qc2 39.Qb5  1-0

[Event "Gibraltar Masters 2019"]
[Site "Caleta ENG"]
[Date "2019.01.23"]
[Round "2.105"]
[White "Hng,Mei-En Emmanuelle"]
[Black "Goriatchkin,J"]
[Result "0-1"]
[WhiteElo "2071"]
[BlackElo "2325"]

1.e4 c5 2.d4 cxd4 3.c3 dxc3 4.Nxc3 Nc6 5.Bc4 e6 6.Nf3 a6 7.O-O Nge7 8.Bg5 h6
9.Be3 b5 10.Bb3 Bb7 11.Re1 Na5 12.Ne5 Nxb3 13.Bb6 Qc8 14.Qf3 Nf5 15.Qh5 g6
16.Nxg6 Ng7 17.Qg4 Nxa1 18.Nxh8 d6 19.Qf4 Qd7 20.Rxa1 b4 21.Ne2 e5 22.Qxh6 Bxe4
23.Ng3 Nf5 24.Nxe4 Nxh6 25.Nf6+ Ke7 26.Nxd7 Kxd7 27.Rc1 Be7 28.Nxf7 Nxf7
29.Rc7+ Ke6 30.Be3 d5 31.f4 Bd6 32.f5+ Kf6 33.Rb7 Rc8 34.g4 Bc5 35.Bxc5 Rxc5
36.h4 e4 37.g5+ Nxg5 38.hxg5+ Kxg5 39.f6 Kxf6 40.Rxb4 Rc2 41.Kf1 Ke5 42.Ke1 d4
43.a4 e3  0-1

[Event "Gibraltar Masters 2019"]
[Site "Caleta ENG"]
[Date "2019.01.23"]
[Round "2.104"]
[White "Povah,N"]
[Black "Waddington,M"]
[Result "1-0"]
[WhiteElo "2329"]
[BlackElo "2094"]

1.d4 Nf6 2.Bf4 g6 3.Nc3 Bg7 4.e4 d6 5.Qd2 O-O 6.O-O-O Nc6 7.f3 Re8 8.Bh6 Bh8
9.h4 e5 10.d5 Nd4 11.g4 c5 12.Nce2 Nxe2+ 13.Nxe2 b5 14.Ng3 c4 15.h5 Nd7 16.hxg6 fxg6
17.Qh2 Qe7 18.Be2 Nf8 19.Nf5 Bxf5 20.gxf5 Bg7 21.fxg6 hxg6 22.Rdg1 a6 23.Be3 Rac8
24.Bf1 c3 25.b3 Qc7 26.Bh3 Qa5 27.Kb1 Kf7 28.Bxc8 Rxc8 29.Qh3 Qa3 30.Bc1 Qc5
31.Rg2 a5 32.Rhg1 Rc7 33.Rxg6 Nxg6 34.Qf5+ Bf6 35.Rxg6  1-0

[Event "Gibraltar Masters 2019"]
[Site "Caleta ENG"]
[Date "2019.01.23"]
[Round "2.103"]
[White "Suez Panama,G"]
[Black "Bellon Lopez,JuM"]
[Result "0-1"]
[WhiteElo "2078"]
[BlackElo "2332"]

1.Nf3 d5 2.b3 Bg4 3.Ne5 h5 4.Nxg4 hxg4 5.e3 Nf6 6.Bb2 Qd6 7.g3 e5 8.Be2 Qe6
9.d4 exd4 10.Qxd4 Nbd7 11.Nc3 Bc5 12.Qa4 c6 13.O-O-O a5 14.e4 d4 15.Nd5 Nxd5
16.exd5 Qh6+ 17.Kb1 Nb6 18.dxc6 Nxa4 19.cxb7 Rb8 20.Bb5+ Kf8 21.Bxa4 Qb6
22.Rhe1 g6 23.Re5 Rh5 24.Re4 Qxb7 25.Rde1 Rxh2 26.Bxd4 Bxd4 27.Rxd4 Rxf2
28.Ree4 Qc7 29.Rc4 Qxg3 30.Rxg4 Qe5 31.Rg1 Rd8 32.Bc6 Rd4 33.Bb5 Rxc4 34.Bxc4 Rxc2
35.Rc1 Qb2+  0-1

[Event "Gibraltar Masters 2019"]
[Site "Caleta ENG"]
[Date "2019.01.23"]
[Round "2.102"]
[White "Tate,A"]
[Black "Verneuil,P"]
[Result "1-0"]
[WhiteElo "2335"]
[BlackElo "2114"]

1.Nf3 d5 2.g3 Bg4 3.Bg2 Nd7 4.O-O e6 5.h3 Bh5 6.d4 Ngf6 7.c4 c6 8.cxd5 exd5
9.Qb3 Nb6 10.Nc3 Be7 11.Ne5 O-O 12.f4 Ne8 13.g4 f6 14.gxh5 fxe5 15.dxe5 Bc5+
16.Kh2 Qh4 17.Ne4 Be7 18.Ng3 Nc7 19.Qf3 Ne6 20.Qg4 Nd4 21.Rb1 Nc4 22.b3 Qxg4
23.hxg4 Na3 24.Rb2 Bb4 25.e3 Ndc2 26.Rf2 Ne1 27.Bd2 a5 28.Bxb4 axb4 29.Bf1 Ra5
30.h6 g6 31.f5 Raa8 32.e6 Rae8 33.e4 d4 34.Rbd2 c5 35.g5 b5 36.Bh3 d3 37.f6 Rf7
38.exf7+ Kxf7 39.Rd1 c4 40.Rxe1 Re5 41.Rd2 Nc2 42.Rxc2 dxc2 43.Rc1 c3 44.Rxc2 Rxg5
45.Rf2 Rc5 46.Be6+ Kf8 47.Ne2 Rh5+ 48.Kg2 Rxh6 49.Nd4 Rh5 50.Bd5 Rh4 51.f7  1-0

[Event "Gibraltar Masters 2019"]
[Site "Caleta ENG"]
[Date "2019.01.23"]
[Round "2.101"]
[White "Veltkamp,G"]
[Black "De Haan,E"]
[Result "1/2-1/2"]
[WhiteElo "2117"]
[BlackElo "2337"]

1.e4 e5 2.f4 exf4 3.Nc3 Qh4+ 4.Ke2 d5 5.Nxd5 Bg4+ 6.Nf3 Nc6 7.Nxc7+ Kd8 8.Nxa8 Ne5
9.h3 Bxf3+ 10.gxf3 Qg3 11.d4 Qxf3+ 12.Ke1 Qg3+ 13.Ke2 Qf3+ 14.Ke1 Qg3+ 15.Ke2 Qf3+
16.Ke1  1/2-1/2

[Event "Gibraltar Masters 2019"]
[Site "Caleta ENG"]
[Date "2019.01.23"]
[Round "2.100"]
[White "Stijve,Theo"]
[Black "Stewart,Ashley"]
[Result "1/2-1/2"]
[WhiteElo "2339"]
[BlackElo "2122"]

1.e4 c5 2.Nf3 g6 3.d4 cxd4 4.Nxd4 Nc6 5.c4 Nf6 6.Nc3 Nxd4 7.Qxd4 d6 8.Be2 Bg7
9.Be3 O-O 10.Qd2 a5 11.O-O a4 12.Bd4 Qa5 13.Rad1 Be6 14.f4 Rfe8 15.Qd3 Rac8
16.b3 axb3 17.axb3 Qb4 18.f5 Bd7 19.Bxf6 exf6 20.Nd5 Qc5+ 21.Kh1 Bc6 22.b4 Qa7
23.Ra1 Qb8 24.Nc3 b6 25.b5 Bb7 26.Qd4 Rc5 27.Bd3 gxf5 28.Rxf5 Rxf5 29.exf5 Re5
30.Be4 Qe8 31.Bxb7 Re1+ 32.Rxe1 Qxe1+ 33.Qg1 Qxc3 34.Bd5 Bh6 35.g3 Qc1 36.Qxc1 Bxc1
37.Kg2 Kg7 38.Kf3 Ba3 39.Ke4 Bc5 40.Bb7 Kf8 41.h4 h6 42.Kd5 Ke7 43.Kc6 Bf2
44.Kc7 Bc5 45.Bd5 Bf2 46.g4 Be3 47.Kc6 Bc5 48.Bf3 Be3 49.Kd5 Bc5 50.Bg2  1/2-1/2

[Event "Gibraltar Masters 2019"]
[Site "Caleta ENG"]
[Date "2019.01.23"]
[Round "2.99"]
[White "Kulon,K"]
[Black "Ramasindraibe,Girard"]
[Result "1-0"]
[WhiteElo "2347"]
[BlackElo "2129"]

1.c4 c5 2.g3 Nc6 3.Bg2 g6 4.e3 Bg7 5.Ne2 Nf6 6.Nbc3 O-O 7.d4 d6 8.O-O Rb8
9.h3 a6 10.a4 cxd4 11.exd4 Bf5 12.b3 Nb4 13.Ba3 Qa5 14.g4 Be6 15.Qd2 Rfe8
16.Nb1 Nc6 17.d5 Nxd5 18.cxd5 Bxa1 19.dxe6 Bf6 20.exf7+ Kxf7 21.Bxc6  1-0

[Event "Gibraltar Masters 2019"]
[Site "Caleta ENG"]
[Date "2019.01.23"]
[Round "2.98"]
[White "Kandic,Mila"]
[Black "Karim,I"]
[Result "0-1"]
[WhiteElo "2136"]
[BlackElo "2347"]

1.e4 c5 2.Nf3 Nc6 3.d4 cxd4 4.Nxd4 g6 5.Nc3 Bg7 6.Be3 Nf6 7.Bc4 O-O 8.Bb3 d6
9.h3 Na5 10.O-O b6 11.f4 Bb7 12.Qf3 Rc8 13.Nd5 Nc4 14.f5 Nxd5 15.exd5 Bxd5
16.Qxd5 Nxe3 17.Qe4 Bxd4 18.Qxd4 Nxf1 19.Rxf1 Qc7 20.fxg6 hxg6 21.Qe4 Kg7
22.c3 Qc5+ 23.Kh1 Qe5 24.Qd3 e6  0-1

[Event "Gibraltar Masters 2019"]
[Site "Caleta ENG"]
[Date "2019.01.23"]
[Round "2.97"]
[White "Doluhanova,E"]
[Black "Burrows,M"]
[Result "1-0"]
[WhiteElo "2348"]
[BlackElo "2156"]

1.e4 c5 2.Nf3 d6 3.d4 cxd4 4.Nxd4 Nf6 5.Nc3 a6 6.a4 Nc6 7.Be2 e5 8.Nf3 h6
9.Be3 Be7 10.Nd5 Nxd5 11.exd5 Nb8 12.a5 Nd7 13.Nd2 Bg5 14.Nc4 Bxe3 15.fxe3 Qh4+
16.g3 Qe7 17.Qd2 O-O 18.O-O-O Nc5 19.g4 Bd7 20.Nb6 Rab8 21.h4 g6 22.Qb4 Kh8
23.Rdf1 f5 24.h5 g5 25.Nxd7 Qxd7 26.gxf5 Rxf5 27.Bg4 Rxf1+ 28.Rxf1 Qe7 29.Qc4 Rf8
30.Rxf8+ Qxf8 31.b4 Na4 32.Qc8 Qxc8 33.Bxc8 Nc3 34.Bxb7 g4 35.Kd2 g3 36.Ke1 Kg7
37.Kf1 Kf6 38.Kg2 e4 39.Kxg3 Ke5 40.b5 Nxb5 41.Bxa6  1-0

[Event "Gibraltar Masters 2019"]
[Site "Caleta ENG"]
[Date "2019.01.23"]
[Round "2.96"]
[White "De Seroux,C"]
[Black "Taylor,Adam C"]
[Result "1-0"]
[WhiteElo "2145"]
[BlackElo "2356"]

1.e4 e5 2.Nc3 Nf6 3.f4 d5 4.fxe5 Nxe4 5.Nf3 Bg4 6.Qe2 Nxc3 7.dxc3 c6 8.Bf4 Qa5
9.h3 Qa4 10.Bg3 Bxf3 11.Qxf3 Nd7 12.Bd3 Bc5 13.a3 Bb6 14.e6 Nf6 15.exf7+ Kxf7
16.O-O-O Rhe8 17.Rhf1 Kg8 18.Qf5 Ne4 19.Qf7+ Kh8 20.Be5 Be3+ 21.Kb1 Bh6 22.Rf5 b5
23.Rh5 Rf8 24.Qe6 Nf6 25.Rxh6 Rae8 26.Rxf6 Rxe6 27.Rxf8+  1-0

[Event "Gibraltar Masters 2019"]
[Site "Caleta ENG"]
[Date "2019.01.23"]
[Round "2.95"]
[White "Taboas Rodriguez,D"]
[Black "Gonzalez Gonzalez,A"]
[Result "1/2-1/2"]
[WhiteElo "2357"]
[BlackElo "2160"]

1.d4 Nf6 2.Nf3 e6 3.c4 b6 4.Nc3 Bb4 5.Qc2 Bb7 6.a3 Be4 7.Qd2 Bxc3 8.Qxc3 c5
9.Bg5 h6 10.Bh4 Nc6 11.d5 Bxf3 12.gxf3 Nd4 13.Bg2 Nxd5 14.Qxd4 cxd4 15.Bxd8 Nf4
16.Bc7 Nxg2+ 17.Kd2 Nh4 18.Be5 Nf5 19.Kd3 d6 20.Bxd4 Nxd4 21.Kxd4 Ke7 22.Rac1 Rac8
23.b4 Rc7 24.Rc3 Kf6 25.Rhc1 Rd8 26.f4 g6 27.e4 Rc6 28.h4 h5 29.Rg1 a6 30.Rg5 b5
31.cxb5 e5+ 32.Kd3 Rxc3+ 33.Kxc3 axb5 34.Kb3 Rc8 35.fxe5+ dxe5 36.a4 bxa4+
37.Kxa4 Ke6 38.Rg1 Rc2 39.f3 Rc3 40.Rd1 Rxf3 41.b5 Rf2 42.Kb3 f5 43.exf5+ gxf5
44.b6 Rg2 45.b7 Rg8 46.Kc4 Rb8 47.Rb1 f4 48.Kd3 Kf5 49.Rb5 Kg4 50.Ke4 f3
51.Rb2 f2 52.Rxf2 Rxb7 53.Kxe5 Re7+ 54.Kf6 Re4 55.Kg6 Re6+ 56.Kf7 Ra6 57.Rh2 Ra1
58.Kg6 Rb1 59.Ra2 Rb6+ 60.Kg7 Rb4 61.Kf6 Kxh4 62.Kf5  1/2-1/2

[Event "Gibraltar Masters 2019"]
[Site "Caleta ENG"]
[Date "2019.01.23"]
[Round "2.26"]
[White "Khademalsharieh,S"]
[Black "Moussard,J"]
[Result "1-0"]
[WhiteElo "2468"]
[BlackElo "2605"]

1.d4 d6 2.Nf3 g6 3.g3 Bg7 4.Bg2 f5 5.O-O Nf6 6.b3 O-O 7.Bb2 c6 8.Nbd2 a5
9.Re1 Na6 10.a3 Ne4 11.c4 Qb6 12.e3 Nxd2 13.Nxd2 Qc7 14.b4 e5 15.b5 Nb8 16.c5 dxc5
17.Qb3+ Qf7 18.bxc6 e4 19.cxb7 Bxb7 20.Qxf7+ Rxf7 21.Nb3 Nd7 22.Rec1 cxd4
23.Bxd4 Bf8 24.a4 Bd5 25.Nd2 Bb4 26.Nc4 Rc8 27.Bf1 Rff8 28.Ne5 Nxe5 29.Bxe5 Kf7
30.Ba6 Rxc1+ 31.Rxc1 Ke6 32.Bd4 Kd6 33.Bb5 g5 34.Bb6 h5 35.Kf1 Rg8 36.Ke2 h4
37.gxh4 gxh4 38.Bc7+ Ke6 39.h3 Rc8 40.Ba6 Ra8 41.Bb5 Rg8 42.Kf1 Rc8 43.Ba6 Ra8
44.Bb5 Ba3 45.Rd1 Bb3 46.Rd8 Rxd8 47.Bxd8 Bb4 48.Bxh4 Bc3 49.Kg2 Bd1 50.Bg5 Be5
51.Bf4 Bxf4 52.exf4 Bh5 53.Kg3 Kf6 54.Bc6 Be2 55.Bd7 Bh5 56.Bb5 Bf3 57.Bd7 Bh5
58.Kg2 Ke7 59.Bb5 Ke6 60.Kf1 Kd5 61.Ke1 Kd4 62.Kd2 Kc5 63.Kc3 Kd6 64.Kd4 Bf3
65.h4 Bd1 66.Be8 Ke7 67.Bc6 Kd6 68.Bb5 Bh5 69.Kc3 Ke7 70.Bc4 Kd6 71.Bb3 Ke7
72.Kd4 Kd6 73.Kc3 Ke7 74.Kd2 Kf6 75.Bc4 Kg6 76.Bb5 Bg4 77.Be8+ Kg7 78.Kc3 Kf8
79.Bc6 Ke7 80.Kc4 Kd6 81.Kb5 Bh5 82.Kb6 Bf7 83.Bb7 Be8 84.Kxa5 Kc5 85.Bc8 Kd4
86.Bxf5 e3 87.fxe3+ Kxe3 88.h5 Bxh5 89.Kb6 Kxf4 90.Bd3 Ke3 91.Bb5 Bg4 92.a5 Kd4
93.a6 Bf3 94.Bc6  1-0

[Event "Gibraltar Masters 2019"]
[Site "Caleta ENG"]
[Date "2019.01.23"]
[Round "2.27"]
[White "Donchenko,Alexa"]
[Black "Prithu,Gupta"]
[Result "1-0"]
[WhiteElo "2604"]
[BlackElo "2462"]

1.Nf3 Nf6 2.g3 c5 3.Bg2 Nc6 4.O-O e5 5.e4 d6 6.Re1 g6 7.Na3 Bg7 8.d3 O-O
9.h3 Rb8 10.c3 b5 11.Nc2 b4 12.Ne3 Be6 13.Ng5 Bd7 14.Kh2 h6 15.Nf3 Be6 16.Nd2 Qa5
17.Ndc4 Qc7 18.Bd2 bxc3 19.bxc3 Rfd8 20.Nd5 Bxd5 21.exd5 Ne7 22.Ne3 h5 23.Qa4 Bh6
24.Rab1 Rxb1 25.Rxb1 Rb8 26.Rb3 Rxb3 27.axb3 Bxe3 28.Bxe3 Nexd5 29.Bd2 Nb6
30.Qa1 d5 31.c4 d4 32.Kg1 Nbd7 33.Qa6 Qb6 34.Qa3 Kg7 35.b4 cxb4 36.Bxb4 Qe6
37.Qxa7 Qf5 38.Qa3 h4 39.c5 hxg3 40.fxg3 e4 41.c6 Ne5 42.c7 Nf3+ 43.Kh1 Nh5
44.Bd6 e3 45.Qb2 Nf6 46.Qe2 Ne8 47.Qxf3 Nxd6 48.Qxf5 gxf5 49.Kg1 Kf6 50.h4 Ke7
51.Bb7  1-0

[Event "Gibraltar Masters 2019"]
[Site "Caleta ENG"]
[Date "2019.01.23"]
[Round "2.28"]
[White "Cramling,P"]
[Black "Jumabayev,R"]
[Result "0-1"]
[WhiteElo "2462"]
[BlackElo "2604"]

1.Nf3 d6 2.d4 Nf6 3.c4 g6 4.Nc3 Bf5 5.Bg5 Bg7 6.e3 h6 7.Bh4 Ne4 8.Nxe4 Bxe4
9.Bd3 Bc6 10.h3 a5 11.Rc1 O-O 12.e4 Qe8 13.d5 Bd7 14.Qe2 Na6 15.O-O e5 16.dxe6 Qxe6
17.Rfe1 Rfe8 18.Qd2 Nc5 19.Bb1 Bc6 20.Nd4 Qe5 21.Nxc6 bxc6 22.b3 Qb2 23.Qxb2 Bxb2
24.Rcd1 Ne6 25.f3 a4 26.Bf2 axb3 27.axb3 c5 28.g3 Reb8 29.Rd3 Bd4 30.f4 Bxf2+
31.Kxf2 Nd4 32.e5 Kf8 33.exd6 cxd6 34.Rde3 Ra3 35.g4 Raxb3 36.Be4 Rb2+ 37.Kg3 R8b3
38.Rxb3 Rxb3+ 39.Kg2 Rc3 40.f5 gxf5 41.gxf5 Kg7 42.Rb1 Rxc4 43.Rb7 Rb4 44.Rd7 Ne2
45.Bc6 Rd4 46.Rb7 Nf4+ 47.Kh2 Nd3  0-1

[Event "Gibraltar Masters 2019"]
[Site "Caleta ENG"]
[Date "2019.01.23"]
[Round "2.29"]
[White "Lagarde,Max"]
[Black "Abel,D"]
[Result "1/2-1/2"]
[WhiteElo "2604"]
[BlackElo "2458"]

1.e4 c6 2.d4 d5 3.exd5 cxd5 4.Bd3 Nf6 5.h3 g6 6.Nf3 Bf5 7.Be2 Qc7 8.c3 Bxb1
9.Rxb1 Nc6 10.O-O e6 11.Re1 Bg7 12.Ne5 Nxe5 13.dxe5 Nd7 14.f4 O-O 15.Be3 Rfc8
16.h4 Bf8 17.Bd4 Bc5 18.Qd2 Qa5 19.b4 Bxd4+ 20.cxd4 Qd8 21.h5 Qh4 22.Rf1 Rc7
23.Rb3 Rac8 24.Rh3 Qe7 25.Bd3 Nf8 26.hxg6 fxg6 27.g4 Rc3 28.f5 Qxb4 29.Qf4 Qe7
30.Rhf3 R3c7 31.fxg6 hxg6 32.Qh6 Qg7 33.Qd2 Qh8 34.Qg5 Qg7 35.Rf6 Nh7 36.Qe3 Nxf6
37.exf6 Qh7 38.f7+ Kf8 39.Qxe6 Qh3 40.Qxg6 Qg3+ 41.Kh1 Qh3+  1/2-1/2

[Event "Gibraltar Masters 2019"]
[Site "Caleta ENG"]
[Date "2019.01.23"]
[Round "2.30"]
[White "Barski,R"]
[Black "Deac,Bogdan-Daniel"]
[Result "0-1"]
[WhiteElo "2458"]
[BlackElo "2603"]

1.e4 e5 2.Nf3 Nc6 3.Bc4 Bc5 4.O-O Nf6 5.d3 d6 6.c3 a6 7.a4 Ba7 8.Re1 O-O
9.Bg5 h6 10.Bh4 g5 11.Bg3 Nh7 12.Nbd2 h5 13.h4 g4 14.Nh2 Ne7 15.Ndf1 Kg7
16.d4 f5 17.exf5 Nxf5 18.Bd3 exd4 19.Bxf5 Bxf5 20.cxd4 Qf6 21.Ne3 Be6 22.d5 Bd7
23.Rc1 Rac8 24.Qb3 b5 25.axb5 axb5 26.Nhf1 Bb6 27.Nd2 Rce8 28.Qc2 Qg6 29.Qc3+ Kg8
30.Qb3 Nf6 31.Ra1 Rf7 32.Ra6 Bd4 33.Rc1 Qh6 34.Nef1 Ne4 35.Nxe4 Qxc1 36.Qd3 Qxb2
37.Nfd2 Bf5 38.Kh2 Be5  0-1

[Event "Gibraltar Masters 2019"]
[Site "Caleta ENG"]
[Date "2019.01.23"]
[Round "2.94"]
[White "Hosek,Ma"]
[Black "Gavilan Diaz,M"]
[Result "0-1"]
[WhiteElo "2153"]
[BlackElo "2357"]

1.d4 Nf6 2.c4 c5 3.d5 b5 4.Nd2 bxc4 5.e4 e6 6.Bxc4 exd5 7.exd5 d6 8.Ne2 Be7
9.b3 O-O 10.Bb2 Nbd7 11.Nf3 Nb6 12.O-O Rb8 13.Qd3 a5 14.Nc3 a4 15.Rab1 axb3
16.axb3 g6 17.Nd2 Bf5 18.Nce4 Nxe4 19.Nxe4 Bxe4 20.Qxe4 Bf6 21.Bxf6 Qxf6
22.Rfe1 Nd7 23.Qe7 Qxe7 24.Rxe7 Ne5 25.Ra1 Ra8 26.Raa7 Rxa7 27.Rxa7 Rb8 28.g3 Rb6
29.f4 Nf3+ 30.Kg2 Nd4 31.Ra1 h5 32.Kf2 Kg7 33.h3 Kf6 34.Rb1 Rb8 35.Ra1 Rb7
36.Rb1 Ra7 37.Rb2 Ke7 38.Ke3 Kd7 39.Bd3 Ra3 40.Bc4 Ra1 41.h4 Rc1 42.Ra2 Rc3+
43.Kf2 Nf5 44.Ra7+ Ke8 45.Ra8+ Ke7 46.Ra7+ Kf8 47.Ra8+ Kg7 48.Ra6 Nxg3 49.Rb6 Nf5
50.Ke2 Rc2+ 51.Ke1 Nxh4 52.Rxd6 Ng2+ 53.Kd1 Ne3+ 54.Ke1 Nxc4 55.bxc4 Rxc4
56.f5 g5  0-1

[Event "Gibraltar Masters 2019"]
[Site "Caleta ENG"]
[Date "2019.01.23"]
[Round "2.32"]
[White "Cornette,Deimante"]
[Black "Maze,S"]
[Result "1/2-1/2"]
[WhiteElo "2448"]
[BlackElo "2596"]

1.e4 c5 2.Nf3 Nc6 3.d4 cxd4 4.Nxd4 Nf6 5.Nc3 e5 6.Ndb5 d6 7.Bg5 a6 8.Na3 b5
9.Nd5 Be7 10.Bxf6 Bxf6 11.c3 Bg5 12.Nc2 Rb8 13.a4 bxa4 14.Ncb4 Nxb4 15.Nxb4 Bd7
16.Bxa6 Qa5 17.Qe2 Rxb4 18.cxb4 Qxb4+ 19.Kf1 Ke7 20.h4 Bh6 21.Kg1 Rb8 22.Kh2 Qxb2
23.Rhb1 Qxb1 24.Rxb1 Rxb1 25.Bc4 Rb4 26.Bd5 Rd4 27.Qa6 Bd2 28.Qa7 Rxd5 29.exd5 Bb4
30.Kg1 Bc5 31.Qb7 a3 32.Qb3 h5 33.Kf1 Bf5 34.Ke2 Kf6 35.Kf1 Kg6 36.Ke2 Kh7
37.Kd2 a2 38.Qxa2 Bxf2 39.Ke2 Bc5 40.Qc4 Bg4+ 41.Ke1 f5 42.Qa4 e4 43.Kf1 e3
44.Ke1 Bb6 45.Qb4 Bd8 46.g3 Bf6 47.Kf1 e2+ 48.Kf2 Be5 49.Qd2 Kh8 50.Qb4 Kg8
51.Qb8+ Kh7 52.Qb4 Bf6 53.Qd2 Kg6 54.Qb4 Be5 55.Qd2 Kf7 56.Qb4 g5 57.hxg5 Kg6
58.Qd2 h4 59.gxh4 Kh5 60.Qe3 Kg6 61.Qd2 Kh5 62.Qe3 Kg6  1/2-1/2

[Event "Gibraltar Masters 2019"]
[Site "Caleta ENG"]
[Date "2019.01.23"]
[Round "2.92"]
[White "Byron,A"]
[Black "Hoolt,S"]
[Result "0-1"]
[WhiteElo "2157"]
[BlackElo "2358"]

1.e4 c5 2.Nf3 Nc6 3.Bb5 e6 4.Bxc6 bxc6 5.O-O Ne7 6.e5 Ng6 7.Re1 Be7 8.Nc3 f6
9.exf6 gxf6 10.d3 h5 11.d4 cxd4 12.Nxd4 c5 13.Qd3 Rg8 14.Nf5 Bb7 15.Nh6 Rg7
16.Ne4 Qb6 17.Ng3 Nh4 18.Qe2 O-O-O 19.f3 Bd6 20.Qc4 Nxf3+ 21.gxf3 Bxg3 22.hxg3 Rxg3+
23.Kh2 Rxf3 24.Bf4 d5 25.Qe2 Rxf4 26.Qxe6+ Qxe6 27.Rxe6 Rf2+ 28.Kg3 Rxc2
29.Rxf6 Rxb2 30.Nf5 Rg8+ 31.Kf4 Rg4+ 32.Ke5 Re4+  0-1

[Event "Gibraltar Masters 2019"]
[Site "Caleta ENG"]
[Date "2019.01.23"]
[Round "2.91"]
[White "Lane,G"]
[Black "Crespo,E"]
[Result "1-0"]
[WhiteElo "2358"]
[BlackElo "2169"]

1.e4 e6 2.d4 d5 3.Nd2 Nf6 4.e5 Nfd7 5.c3 c5 6.Bd3 Nc6 7.Ne2 cxd4 8.cxd4 f6
9.exf6 Nxf6 10.Nf3 Bd6 11.O-O O-O 12.Bf4 Bxf4 13.Nxf4 Ne4 14.Qc1 Qd6 15.Ne2 Nf6
16.Ng3 e5 17.dxe5 Nxe5 18.Nxe5 Qxe5 19.Re1 Qd6 20.h3 Bd7 21.Qe3 Qb4 22.Re2 Rae8
23.Qd2 Qb6 24.Rd1 Bc6 25.Rxe8 Rxe8 26.Nf5 Ne4 27.Bxe4 Rxe4 28.Qc3 d4 29.Qc4+ Kf8
30.Nxd4 Qxb2 31.Qc5+ Kg8 32.Nxc6 bxc6 33.Rd8+ Kf7 34.Rf8+ Ke6 35.Qf5+  1-0

[Event "Gibraltar Masters 2019"]
[Site "Caleta ENG"]
[Date "2019.01.23"]
[Round "2.90"]
[White "Giulian,P"]
[Black "Quillan,G"]
[Result "0-1"]
[WhiteElo "2165"]
[BlackElo "2364"]

1.Nf3 Nf6 2.c4 e6 3.g3 c5 4.Bg2 Nc6 5.O-O Be7 6.Nc3 O-O 7.d4 d5 8.cxd5 exd5
9.dxc5 Bxc5 10.Bg5 d4 11.Ne4 Be7 12.Bxf6 Bxf6 13.Nxf6+ Qxf6 14.b4 a6 15.a4 Rd8
16.b5 Na5 17.Rb1 Be6 18.Rb4 Nc4 19.Nd2 axb5 20.axb5 Nxd2 21.Qxd2 Rd7 22.Rd1 h5
23.h4 Rad8 24.Be4 Qe5 25.Bf3 d3 26.Re1 Qc5 27.Reb1 dxe2 28.Qxe2 Rd3 29.Rf4 Rc3
30.Kg2 Rc2 31.Qe1 b6 32.Be4 Rc4 33.Kg1 Rdd4 34.Qe3 g6 35.Kh2 Bf5  0-1

[Event "Gibraltar Masters 2019"]
[Site "Caleta ENG"]
[Date "2019.01.23"]
[Round "2.89"]
[White "Galinsky,T"]
[Black "Bopp,T"]
[Result "1-0"]
[WhiteElo "2365"]
[BlackElo "2171"]

1.d4 d5 2.Nf3 Nf6 3.Bf4 c5 4.c3 cxd4 5.cxd4 Nc6 6.Nc3 e6 7.e3 Bd6 8.Bb5 O-O
9.O-O Nh5 10.Bxd6 Qxd6 11.Bxc6 bxc6 12.Na4 Nf6 13.Nc5 Ne4 14.Rc1 Nxc5 15.Rxc5 f6
16.Qa4 Bd7 17.Nd2 e5 18.Nb3 exd4 19.Qxd4 Rfe8 20.Ra5 Qe5 21.Rc1 Qg5 22.Kf1 Qh5
23.h3 Qe5 24.Kg1 Qg5 25.Kh2 Qe5+ 26.Kh1 Qf5 27.Rxa7 c5 28.Qxc5 Rac8 29.Rc7 Rxc7
30.Qxc7 Rc8 31.Qd6 Rxc1+ 32.Nxc1 d4 33.Qxd4 Be6 34.e4 Qa5 35.b4 Qa3 36.Qd2 Kf7
37.Kh2 g5 38.Nb3 Kg6 39.Qd6 Kf7 40.Nd4 Bxa2 41.Qd7+ Kg6 42.Nf5 Bf7 43.Nd6 Ba2
44.Qf5+ Kg7 45.Ne8+ Kf7 46.Nxf6 Be6 47.Qxg5 Qxb4 48.e5 Qd4 49.Qg8+  1-0

[Event "Gibraltar Masters 2019"]
[Site "Caleta ENG"]
[Date "2019.01.23"]
[Round "2.88"]
[White "Vila Dupla,A"]
[Black "Rahul,Srivatshav P"]
[Result "0-1"]
[WhiteElo "2166"]
[BlackElo "2370"]

1.Nf3 Nf6 2.c4 g6 3.g3 Bg7 4.Bg2 O-O 5.O-O d6 6.d4 c6 7.Nc3 Qa5 8.Ng5 Nbd7
9.Rb1 h6 10.b4 Qa6 11.b5 Qa5 12.Nge4 Nxe4 13.Nxe4 Qxa2 14.Be3 Nb6 15.Nd2 cxb5
16.Ra1 Qb2 17.Rb1 Qa3 18.Rxb5 Be6 19.Bxb7 Rab8 20.Bf3 Nxc4 21.Rxb8 Rxb8 22.Nxc4 Bxc4
23.Qa1 Qxa1 24.Rxa1 a6 25.Ra5 Rb5 26.Ra4 d5 27.Kg2 Rb2 28.Ra5 e6 29.Rc5 Bf6
30.Rc8+ Kg7 31.Ra8 Ra2 32.Ra7 Bg5 33.Bxg5 hxg5 34.e4 g4 35.Bxg4 dxe4 36.Rc7 Bd5  0-1

[Event "Gibraltar Masters 2019"]
[Site "Caleta ENG"]
[Date "2019.01.23"]
[Round "2.87"]
[White "Krishna Teja,N"]
[Black "Movileanu,Daniela"]
[Result "1-0"]
[WhiteElo "2371"]
[BlackElo "2174"]

1.Nf3 Nf6 2.c4 g6 3.Nc3 d5 4.cxd5 Nxd5 5.d3 Bg7 6.Bd2 Nc6 7.Qc1 O-O 8.Bh6 Nf6
9.h4 Bxh6 10.Qxh6 Ng4 11.Qd2 h5 12.d4 e5 13.d5 Nb4 14.e4 c6 15.a3 Qa5 16.Rd1 Na6
17.dxc6 bxc6 18.Bc4 Qc5 19.Ba2 Nc7 20.b4 Qb6 21.O-O Be6 22.Ng5 Bxa2 23.Qxa2 Nb5
24.Nxb5 cxb5 25.Rd7 Nh6 26.Qd5 Rad8 27.Rd1 Rxd7 28.Qxd7 Ng4 29.Rd2 a5 30.g3 axb4
31.axb4 Kg7 32.Kg2 Kg8 33.Kf1 Kg7 34.Qe7 Kg8 35.Kg2 Kg7 36.f3 Ne3+ 37.Kh3 Kg8
38.Rd6 Qb8 39.Rxg6+  1-0

[Event "Gibraltar Masters 2019"]
[Site "Caleta ENG"]
[Date "2019.01.23"]
[Round "2.86"]
[White "Nikolaidis,K"]
[Black "Lombaers,P"]
[Result "0-1"]
[WhiteElo "2167"]
[BlackElo "2372"]

1.e4 c5 2.Nf3 e6 3.d4 cxd4 4.Nxd4 Nc6 5.Nc3 Qc7 6.Be3 a6 7.Qf3 d6 8.O-O-O Bd7
9.Nxc6 bxc6 10.g4 e5 11.g5 Be6 12.Bh3 Bxh3 13.Qxh3 Ne7 14.Rd3 Ng6 15.Qg4 Be7
16.h4 Qa5 17.Qf5 Qd8 18.h5 Nf4 19.Bxf4 exf4 20.Rg1 O-O 21.e5 d5 22.g6 h6
23.gxf7+ Rxf7 24.Qg6 Bg5 25.Qxc6 f3+ 26.Kb1 Rb8 27.Rxd5 Qe7 28.Rgd1 Rf5 29.Qc4 Kh8
30.Qe4 Rf4 31.Qd3 Qe8 32.Qxa6 Qxh5 33.Rb5 Re8 34.a4 Bh4 35.Qb6 Rf5 36.e6 Rxb5
37.Nxb5 Qe5 38.Nd6 Qxe6 39.a5 Qe2 40.Nf7+ Kh7 41.Rh1 Re6 42.Qb8 Qxf2 43.Qh8+ Kg6
44.Qg8 Re1+ 45.Rxe1 Qxe1+ 46.Ka2 Qxa5+ 47.Kb1 Qe1+ 48.Ka2 Qe6+  0-1

[Event "Gibraltar Masters 2019"]
[Site "Caleta ENG"]
[Date "2019.01.23"]
[Round "2.85"]
[White "Arakhamia-Grant,K"]
[Black "Tejaswini,S"]
[Result "1-0"]
[WhiteElo "2372"]
[BlackElo "2190"]

1.e4 e5 2.Nf3 Nc6 3.Bb5 a6 4.Ba4 Nf6 5.O-O Be7 6.Re1 b5 7.Bb3 d6 8.c3 O-O
9.h3 Nb8 10.d3 Nbd7 11.Nbd2 Nc5 12.Bc2 Bb7 13.d4 Ncd7 14.Nf1 Re8 15.Ng3 Bf8
16.b3 a5 17.d5 g6 18.Bg5 h6 19.Be3 c6 20.c4 Ba6 21.dxc6 Nc5 22.Qd2 Kh7 23.a3 Qc7
24.b4 axb4 25.axb4 Ne6 26.Rxa6 Rxa6 27.cxb5 Raa8 28.Rc1 Reb8 29.Bd3 Ra4 30.Ne2 d5
31.b6 Rxb6 32.Bxb6 Qxb6 33.exd5 Bxb4 34.Qc2 Nc5 35.Nxe5 Nxd3 36.Nxd3 Ra8
37.Rb1 Nxd5 38.Qc4 Rd8 39.Nxb4 Nxb4 40.Qxf7+ Kh8 41.Qf6+ Kh7 42.Qe7+ Kh8
43.Rxb4 Rd1+ 44.Kh2  1-0

[Event "Gibraltar Masters 2019"]
[Site "Caleta ENG"]
[Date "2019.01.23"]
[Round "2.84"]
[White "Zhukova,N"]
[Black "Priyanka,Nutakki"]
[Result "1/2-1/2"]
[WhiteElo "2377"]
[BlackElo "2195"]

1.d4 e6 2.c4 Nf6 3.Nf3 b6 4.a3 Bb7 5.Nc3 d5 6.Qc2 Be7 7.cxd5 Nxd5 8.Nxd5 exd5
9.Bf4 c5 10.e3 Nd7 11.Bd3 h6 12.O-O O-O 13.Rfd1 Nf6 14.Bf5 Bc8 15.dxc5 bxc5
16.Be5 Qb6 17.Rab1 Bxf5 18.Qxf5 Qe6 19.Qc2 Qb6 20.Qf5 Qe6 21.Qc2 Qb6 22.Qf5 Qe6  1/2-1/2

[Event "Gibraltar Masters 2019"]
[Site "Caleta ENG"]
[Date "2019.01.23"]
[Round "2.83"]
[White "Whatley,Stephen A J"]
[Black "Hedman,E"]
[Result "0-1"]
[WhiteElo "2171"]
[BlackElo "2378"]

1.e4 c5 2.Nf3 Nc6 3.d4 cxd4 4.Nxd4 Nf6 5.Nc3 d6 6.Bg5 e6 7.Qd2 a6 8.O-O-O Bd7
9.f4 b5 10.Kb1 Qb6 11.Bxf6 gxf6 12.Nf3 Be7 13.e5 fxe5 14.fxe5 d5 15.Qf4 Qc7
16.Bd3 f6 17.Qh6 Nxe5 18.Nxe5 Qxe5 19.Qg7 Rf8 20.Bxh7 Qg5 21.Bg6+ Kd8 22.h4 Qg3
23.h5 Bd6 24.Nxd5 exd5 25.Rxd5 Kc7 26.Rhd1 Rae8 27.R5d3 Re3 28.h6 Rxd3 29.cxd3 Qe5
30.Bf7 Kb6 31.Rh1 Qd4 32.Rd1 Be5 33.Rd2 Qg1+ 34.Kc2 Rc8+ 35.Kb3 a5 36.a4 bxa4+
37.Ka3 Qa1+ 38.Ba2 Bd6+  0-1

[Event "Gibraltar Masters 2019"]
[Site "Caleta ENG"]
[Date "2019.01.23"]
[Round "2.58"]
[White "Tari,A"]
[Black "Sidhant,M"]
[Result "0-1"]
[WhiteElo "2625"]
[BlackElo "2344"]

1.c4 c6 2.e4 d5 3.exd5 cxd5 4.d4 Nf6 5.Nc3 e6 6.c5 Nc6 7.Bb5 Be7 8.Nf3 O-O
9.O-O Ne4 10.Bxc6 bxc6 11.Ne5 Nxc3 12.bxc3 Bd7 13.Qa4 Qc8 14.Be3 Be8 15.Rfe1 f6
16.Nd3 a5 17.c4 dxc4 18.Nb2 c3 19.Nc4 Qa6 20.Nb6 Rd8 21.Rac1 Qb5 22.Qc2 Bg6
23.Qxc3 Rfe8 24.a4 Qb4 25.Qa1 Qb3 26.Rc3 Qb4 27.Rcc1 Qb3 28.Bf4 e5 29.dxe5 fxe5
30.Bxe5 Bg5 31.f4 Bh4 32.Re2 Qd3 33.Qa2+ Kh8 34.Qb2 Re7 35.g3 Bxg3 36.hxg3 Qxg3+
37.Rg2 Qe3+ 38.Kh2 Rxe5 39.fxe5 Rd4 40.Qxd4 Qxd4 41.Rf1 Qxe5+  0-1